[Event "Asian Nations Cup w 2016"]
[Site "Abu Dhabi UAE"]
[Date "2016.04.02"]
[Round "6.4"]
[White "Baymuratova, Sevara"]
[Black "Guo, Qi"]
[Result "1/2-1/2"]
[WhiteTitle "WIM"]
[BlackTitle "IM"]
[WhiteElo "2156"]
[BlackElo "2435"]
[WhiteTeam "Uzbekistan"]
[BlackTeam "China"]
[WhiteFideId "14202182"]
[BlackFideId "8604002"]
[EventDate "2016.03.28"]
[EventType "team"]

1. d4 Nf6 2. c4 e6 3. Nf3 d5 4. Nc3 Bb4 5. e3 O-O 6. Qc2 b6 7. a3 Be7 8. e4 dxe4
9. Nxe4 Bb7 10. Bd3 Nxe4 11. Bxe4 Bxe4 12. Qxe4 Nd7 13. O-O Nf6 14. Qc2 c5 15.
Rd1 Qc7 16. Bg5 Rfd8 17. dxc5 Qxc5 18. Be3 Qc7 19. h3 h6 20. Rac1 Rxd1+ 21. Qxd1
Rd8 22. Qe2 a5 23. Nd4 Bc5 24. Nc2 Qe5 25. b4 Bd6 26. g3 Rc8 27. Qd3 Bc7 28. Bd4
Qe4 29. Qxe4 Nxe4 30. Be3 e5 31. Ne1 f5 32. c5 b5 33. Rd1 g5 34. Rd7 Nf6 35. Rd1
f4 36. Bc1 Kf7 37. Bb2 Ke6 38. bxa5 Nd7 39. gxf4 gxf4 40. c6 Nb8 41. Nd3 Nxc6
42. Nc5+ Kf5 43. a6 Bb6 44. Nd7 Bd4 45. Rb1 Ra8 46. Bxd4 Nxd4 47. Nc5 Rc8 48.
Nb7 Ke6 49. a4 bxa4 50. a7 Ra8 51. Nc5+ Kd5 52. Nxa4 Rxa7 53. Nc3+ Kc4 54. Ne4
Rg7+ 55. Kh1 Kd3 56. Re1 Nf3 57. Nc5+ Kc4 58. Rc1+ Kd5 59. Nd3 Ke4 60. Nc5+ Kf5
61. Nd3 Rg8 62. Nb4 e4 63. Nc6 Rg7 64. Rc5+ Kf6 65. Rc1 e3 66. fxe3 fxe3 67. Rf1
Kf5 68. Rxf3+ Ke4 69. Rf8 e2 70. Re8+ Kd3 71. Ne5+ Ke3 72. Ng4+ Kd2 73. Rd8+ Ke1
74. Re8 h5 75. Ne3 Kf2 76. Nc2 Rc7 77. Rf8+ Kg3 78. Rg8+ Kxh3 79. Ne1 Rf7 80.
Rg1 Rf2 81. Rg2 Rf1+ 82. Rg1 Rf8 83. Rg2 Rf1+ 84. Rg1 h4 85. Nd3 Rf5 86. Ne1 Rf1
87. Nd3 Rf3 88. Ne1 Rf2 89. Rg2 Rxg2 90. Nxg2 Kg3 91. Ne1 Kf2 92. Nd3+ Kg3 93.
Ne1 1/2-1/2

[Event "Asian Nations Cup w 2016"]
[Site "Abu Dhabi UAE"]
[Date "2016.04.02"]
[Round "6.2"]
[White "Munguntuul, Batkhuyag"]
[Black "Hoang, Thi Bao Tram"]
[Result "1-0"]
[WhiteTitle "IM"]
[BlackTitle "WGM"]
[WhiteElo "2444"]
[BlackElo "2283"]
[WhiteTeam "Mongolia"]
[BlackTeam "Vietnam"]
[WhiteFideId "4900758"]
[BlackFideId "12401102"]
[EventDate "2016.03.28"]
[EventType "team"]

1. e4 c6 2. d4 d5 3. e5 c5 4. dxc5 e6 5. Be3 Nd7 6. Nf3 Ne7 7. c4 dxc4 8. Nc3
Nf5 9. Bg5 Qc7 10. Bxc4 Bxc5 11. Qe2 h6 12. Bd2 a6 13. O-O Nd4 14. Nxd4 Bxd4 15.
Bxe6 fxe6 16. Qg4 Bxe5 17. Qxe6+ Kd8 18. Rad1 Qc6 19. Bg5+ hxg5 20. Qxe5 Qf6 21.
Qa5+ b6 22. Qd5 Ra7 23. Ne4 Qh6 24. h3 Kc7 25. Rc1+ Kb8 26. Rc6 Nf6 27. Rxb6+
Bb7 28. Qd6+ Ka8 29. Nc5 Nd5 30. Ne6 Rc8 31. Rxb7 Rxb7 32. Qxd5 Ka7 33. Qd4+ Ka8
34. Qd5 Ka7 35. Qd4+ Ka8 36. Qd5 Ka7 37. b4 Qf6 38. a4 Rb6 39. Qd7+ Kb8 40. Nc5
Rd8 41. Rd1 Rf8 42. a5 Rxb4 43. Qd2 1-0

[Event "Asian Nations Cup w 2016"]
[Site "Abu Dhabi UAE"]
[Date "2016.04.02"]
[Round "6.3"]
[White "Nguyen, Thi Mai Hung"]
[Black "Batchimeg, Tuvshintugs"]
[Result "0-1"]
[WhiteTitle "WGM"]
[BlackTitle "IM"]
[WhiteElo "2282"]
[BlackElo "2395"]
[WhiteTeam "Vietnam"]
[BlackTeam "Mongolia"]
[WhiteFideId "12401676"]
[BlackFideId "4900839"]
[EventDate "2016.03.28"]
[EventType "team"]

1. d4 Nf6 2. Nf3 g6 3. Bf4 Bg7 4. Nbd2 O-O 5. e3 d6 6. Be2 b6 7. O-O Bb7 8. a4
a6 9. c3 Nbd7 10. h3 Ne4 11. Nxe4 Bxe4 12. Qb3 h6 13. Rfd1 c5 14. Nd2 Bc6 15.
Bg3 Nf6 16. Qc2 Qc8 17. b4 cxb4 18. cxb4 Qb7 19. Bf1 Rfc8 20. Qb2 b5 21. Nb3 Bd7
22. a5 Nd5 23. Nd2 Rc7 24. Bd3 Nc3 25. Rdc1 Rac8 26. Nb3 Na4 27. Qd2 Be6 28.
Rxc7 Rxc7 29. Nc1 Qd5 30. f3 Bxd4 31. Be4 Bc3 32. Qxc3 Nxc3 33. Bxd5 Nxd5 34.
Nd3 Rc3 35. Nf4 Nxb4 36. Be1 Rc4 37. Rb1 Nc2 38. Bd2 Na3 39. Ra1 Nc2 40. Rc1 Kf8
41. Nd3 Bf5 42. e4 Be6 43. Bxh6+ Ke8 44. Bd2 Nd4 45. Rxc4 bxc4 46. Nb4 c3 47.
Be3 Nb3 48. Kf2 Bc4 49. h4 e5 50. Bb6 Nc5 51. Ke1 Ne6 52. Kd1 Bb3+ 53. Ke2 Nf4+
54. Kf2 Bc4 55. g3 Ne2 56. Nc2 f5 57. Na3 f4 58. gxf4 exf4 59. Ke1 Bd3 60. Nc2
Nc1 61. Kd1 Nb3 62. Ne1 Bb1 63. Nc2 Bxc2+ 64. Kxc2 Nd2 65. Kxc3 Nxf3 66. Bf2 Kd7
67. Kd3 Ke6 68. Ke2 Ne5 69. Be1 d5 70. exd5+ Kxd5 71. Bf2 Ke4 72. Bb6 f3+ 73.
Kf2 Ng4+ 74. Kg3 Ne3 75. Kf2 Nf5 76. Bd8 Kf4 77. h5 gxh5 78. Bf6 Kg4 79. Bd8 Ng3
80. Bc7 h4 81. Bb8 Ne4+ 82. Ke3 Nc3 83. Kf2 Nd1+ 84. Ke1 Ne3 85. Kf2 Ng2 86. Bh2
Nf4 87. Ke3 Ne6 88. Kf2 Nc5 89. Bb8 Nb3 90. Bc7 h3 91. Kg1 Kf5 92. Bb6 Ke4 93.
Kh2 Nxa5 94. Kxh3 Nc4 95. Bc5 a5 96. Kg3 a4 97. Kf2 a3 98. Bb4 a2 99. Bc3 Na3 0-1

[Event "Asian Nations Cup w 2016"]
[Site "Abu Dhabi UAE"]
[Date "2016.04.02"]
[Round "6.4"]
[White "Enkhtuul, Altan-Ulzii"]
[Black "Hoang, Thi Nhu Y"]
[Result "1/2-1/2"]
[WhiteTitle "WGM"]
[BlackTitle "WIM"]
[WhiteElo "2209"]
[BlackElo "2247"]
[WhiteTeam "Mongolia"]
[BlackTeam "Vietnam"]
[WhiteFideId "4901444"]
[BlackFideId "12401455"]
[EventDate "2016.03.28"]
[EventType "team"]

1. d4 d5 2. Nf3 Nf6 3. g3 Bf5 4. Bg2 e6 5. O-O Be7 6. Nbd2 O-O 7. c4 c5 8. cxd5
exd5 9. dxc5 Bxc5 10. Nb3 Be7 11. Nbd4 Be4 12. Qb3 Qb6 13. Bd2 Nbd7 14. Rfc1
Rac8 15. Qxb6 Nxb6 16. Bh3 Rxc1+ 17. Rxc1 Nc4 18. b3 Nxd2 19. Nxd2 Rb8 20. Nb5
a6 21. Nd4 Bb4 22. N2f3 a5 23. Kf1 Ba3 24. Rc8+ Rxc8 25. Bxc8 b6 26. Bf5 Bc5 27.
e3 Kf8 28. Ke2 Bxf5 29. Nxf5 g6 30. N5d4 Ne4 31. a4 Ke7 32. Nb5 Kd7 33. h3 f6
34. Nfd4 Bb4 35. g4 Nc5 36. f3 Nb7 37. Kd3 Nc5+ 38. Ke2 Na6 39. Nc2 Bc5 40. Kd3
Nb8 41. Ncd4 Na6 42. Nc2 Bf8 43. Ncd4 Bb4 44. Kc2 Bc5 45. Kc3 Nb4 46. Kd2 Bf8
47. Nc2 Nc6 48. Ncd4 Bb4+ 49. Ke2 Nd8 50. Kd3 Nb7 51. Nc3 Nc5+ 52. Kc2 Kd6 53.
Ndb5+ Kc6 54. Nd4+ Kd6 55. Ndb5+ Kc6 56. Nd4+ Kd6 57. Ncb5+ Kd7 58. Nc3 Kd6 59.
Ndb5+ Kc6 60. Ne2 Na6 61. Ned4+ Kd7 62. Nc3 1/2-1/2

[Event "Asian Nations Cup w 2016"]
[Site "Abu Dhabi UAE"]
[Date "2016.04.02"]
[Round "6.1"]
[White "Saduakassova, Dinara"]
[Black "Harika, Dronavalli"]
[Result "1/2-1/2"]
[WhiteTitle "WGM"]
[BlackTitle "GM"]
[WhiteElo "2411"]
[BlackElo "2515"]
[WhiteTeam "Kazakhstan"]
[BlackTeam "India"]
[WhiteFideId "13700090"]
[BlackFideId "5015197"]
[EventDate "2016.03.28"]
[EventType "team"]

1. d4 Nf6 2. c4 e6 3. Nf3 d5 4. Nc3 c5 5. cxd5 Nxd5 6. e3 Nc6 7. Bd3 Be7 8. Nxd5
Qxd5 9. dxc5 O-O 10. Qe2 e5 11. Bc4 Qxc5 12. Nd2 Na5 13. Bd3 Be6 14. Ne4 Qb6 15.
Nc3 Rfd8 16. O-O Nc6 17. b3 Nb4 18. Bc4 Nd5 19. Bxd5 Bxd5 20. Nxd5 Rxd5 21. e4
Rd7 22. Be3 Bc5 23. Bxc5 Qxc5 24. Rac1 Qe7 25. Rfd1 Rad8 26. Rxd7 Qxd7 27. g3 g6
28. Kg2 a6 29. Rc5 Qd4 30. Rc7 Rd7 1/2-1/2

[Event "Asian Nations Cup w 2016"]
[Site "Abu Dhabi UAE"]
[Date "2016.04.02"]
[Round "6.2"]
[White "Tania, Sachdev"]
[Black "Abdumalik, Zhansaya"]
[Result "1/2-1/2"]
[WhiteTitle "IM"]
[BlackTitle "WGM"]
[WhiteElo "2370"]
[BlackElo "2381"]
[WhiteTeam "India"]
[BlackTeam "Kazakhstan"]
[WhiteFideId "5007844"]
[BlackFideId "13703544"]
[EventDate "2016.03.28"]
[EventType "team"]

1. d4 Nf6 2. c4 g6 3. Nc3 d5 4. Bg5 Bg7 5. Bxf6 Bxf6 6. cxd5 c5 7. Nf3 Qb6 8.
Ne4 Bxd4 9. Nxd4 cxd4 10. Qd2 Na6 11. Rd1 Nb4 12. a3 Nxd5 13. Qxd4 Qxd4 14. Rxd4
Nb6 15. g3 e5 16. Rd2 Ke7 17. Bg2 f5 18. Nc5 Nc4 19. Rc2 Nd6 20. Nxb7 Bxb7 21.
Bxb7 Nxb7 22. Rc7+ Kf6 23. Rxb7 Rab8 24. Rxa7 Rxb2 25. O-O Rxe2 26. Rb1 Kg5 27.
Rbb7 Rc8 28. Rc7 Rb8 29. Rcb7 Rc8 30. Rc7 Rb8 31. Rcb7 Rc8 1/2-1/2

[Event "Asian Nations Cup w 2016"]
[Site "Abu Dhabi UAE"]
[Date "2016.04.02"]
[Round "6.3"]
[White "Davletbayeva, Madina"]
[Black "Padmini, Rout"]
[Result "1/2-1/2"]
[WhiteTitle "WIM"]
[BlackTitle "IM"]
[WhiteElo "2295"]
[BlackElo "2439"]
[WhiteTeam "Kazakhstan"]
[BlackTeam "India"]
[WhiteFideId "13703595"]
[BlackFideId "5029295"]
[EventDate "2016.03.28"]
[EventType "team"]

1. e4 c5 2. Nf3 e6 3. c4 Nc6 4. Be2 g5 5. O-O g4 6. Ne1 Nf6 7. Nc3 Rg8 8. Nc2
Bd6 9. d4 cxd4 10. Nxd4 Qc7 11. g3 Nxd4 12. Qxd4 Be5 13. Nb5 Qb8 14. Qd3 a6 15.
Nc3 b6 16. Be3 Bb7 17. Bd4 Qd6 18. Rad1 Bxd4 19. Qxd4 Qxd4 20. Rxd4 Rg5 21. b4
Rb8 22. Rfd1 h5 23. Bd3 Ke7 24. Bc2 Bc6 25. a3 b5 26. c5 Rh8 27. a4 h4 28. axb5
axb5 29. Ra1 hxg3 30. fxg3 Re5 31. Ra7 Nh7 32. Bd1 f5 33. Ne2 Ng5 34. Nf4 Kf6
35. exf5 Re1+ 36. Kf2 Rh1 37. fxe6 R8xh2+ 38. Ke3 Re1+ 39. Be2 Nxe6 40. Rd6 Bf3
41. Ra2 Kf5 42. Rd5+ Bxd5 43. Nxd5 Ke5 44. Nb6 Nf8 45. Rd2 Rg2 46. Rd5+ Ke6 47.
Rd6+ Kf7 48. Rd2 Kg7 49. Nc8 Rb1 50. Nd6 Rb3+ 51. Ke4 Rxb4+ 52. Kd5 Ne6 53. c6
Nc7+ 54. Kc5 Na6+ 55. Kb6 dxc6 56. Kxa6 Rb1 57. Ne4 Re1 58. Rd7+ Kf8 59. Nf6 Rf2
60. Nh7+ Ke8 61. Bxg4 Re7 62. Rd6 Ra2+ 63. Kb6 Rxh7 64. Rxc6 b4 65. Rc8+ Kf7 66.
Rc7+ Kg6 67. Bf5+ Kxf5 68. Rxh7 b3 69. Kc5 Ke4 70. Kc4 b2 71. Re7+ Kf3 72. Rb7
Kxg3 73. Kc3 Kf4 74. Rxb2 Rxb2 75. Kxb2 Ke5 1/2-1/2

[Event "Asian Nations Cup w 2016"]
[Site "Abu Dhabi UAE"]
[Date "2016.04.02"]
[Round "6.4"]
[White "Soumya, Swaminathan"]
[Black "Dauletova, Gulmira"]
[Result "0-1"]
[WhiteTitle "WGM"]
[BlackTitle "WIM"]
[WhiteElo "2384"]
[BlackElo "2269"]
[WhiteTeam "India"]
[BlackTeam "Kazakhstan"]
[WhiteFideId "5016193"]
[BlackFideId "13702971"]
[EventDate "2016.03.28"]
[EventType "team"]

1. e4 c5 2. Nf3 e6 3. d4 cxd4 4. Nxd4 a6 5. Bd3 g6 6. O-O Bg7 7. Nb3 Ne7 8. c4
O-O 9. Nc3 Nbc6 10. Bg5 h6 11. Bh4 g5 12. Bg3 Ne5 13. Be2 N7g6 14. Qd2 b6 15. a4
Bb7 16. a5 Rc8 17. axb6 Qxb6 18. Na5 Ba8 19. Kh1 f5 20. exf5 Rxf5 21. Na4 Qd8
22. c5 Nf4 23. Bxf4 Rxf4 24. f3 Qe8 25. Bxa6 Rb8 26. Nb6 Nxf3 27. gxf3 Bxf3+ 28.
Rxf3 Rxf3 29. Bb7 Rf7 30. Bg2 d5 31. Re1 Re7 32. b4 Kh8 33. b5 Qxb5 34. Bxd5
exd5 35. Nxd5 Rxe1+ 36. Qxe1 Qxc5 37. Ne7 Qc2 0-1

[Event "Asian Nations Cup w 2016"]
[Site "Abu Dhabi UAE"]
[Date "2016.04.02"]
[Round "6.1"]
[White "Ranasinghe, S D"]
[Black "Saleh, Nora Mohd"]
[Result "0-1"]
[WhiteTitle "WIM"]
[BlackTitle "WIM"]
[WhiteElo "1740"]
[BlackElo "1920"]
[WhiteTeam "Sri Lanka"]
[BlackTeam "UAE - 1"]
[WhiteFideId "9902651"]
[BlackFideId "9301607"]
[EventDate "2016.03.28"]
[EventType "team"]

1. d4 d5 2. e3 Nf6 3. Bd3 c5 4. c3 e6 5. Nd2 Nc6 6. f4 Bd6 7. Ngf3 cxd4 8. Nxd4
Nxd4 9. cxd4 O-O 10. O-O Bd7 11. Qe1 Bc6 12. Rf3 Ne4 13. g4 f5 14. g5 g6 15. Rh3
Rf7 16. Nxe4 dxe4 17. Be2 Qb6 18. b3 Bd5 19. Bd2 Rc8 20. Rg3 Ba3 21. Rg2 Qd6 22.
h4 Rfc7 23. h5 Bb2 24. hxg6 Bxa1 25. Rh2 Bb2 26. Qh4 Qf8 27. gxh7+ Kh8 28. g6
Bc1 29. Bxc1 Rxc1+ 30. Kf2 R8c7 31. Rg2 Rg7 32. Bh5 Qe7 33. Qxe7 Rxe7 34. Kg3
Rc3 35. Re2 Rec7 36. Kh4 Kg7 37. Kg5 Rc8 38. Re1 a5 39. Re2 Rc1 40. Rg2 Re1 41.
Be2 Rh1 42. Bh5 Rh3 43. b4 axb4 44. Rb2 b3 45. axb3 Rg3+ 46. Kh4 Rxe3 47. h8=Q+
Kxh8 0-1

[Event "Asian Nations Cup w 2016"]
[Site "Abu Dhabi UAE"]
[Date "2016.04.02"]
[Round "6.2"]
[White "Al-Zarouni, Kholoud Essa"]
[Black "Udupitiya, U G S S S"]
[Result "1-0"]
[WhiteTitle "WIM"]
[WhiteElo "1861"]
[BlackElo "1709"]
[WhiteTeam "UAE - 1"]
[BlackTeam "Sri Lanka"]
[WhiteFideId "9301194"]
[BlackFideId "9904921"]
[EventDate "2016.03.28"]
[EventType "team"]

1. e4 c5 2. c3 d5 3. exd5 Qxd5 4. d4 Nf6 5. Nf3 Bg4 6. Be2 e6 7. O-O Nc6 8. h3
Bh5 9. Na3 Be7 10. Nb5 Rc8 11. c4 Qd8 12. dxc5 Bxc5 13. Be3 Be7 14. Nxa7 Nxa7
15. Bxa7 Qa5 16. Be3 O-O 17. Nd4 Bg6 18. Qb3 b6 19. Qb5 Bc5 20. Rfd1 Rfd8 21.
Qb3 Qa8 22. a3 e5 23. Nb5 Be4 24. Bf1 Rb8 25. Bxc5 bxc5 26. Qc3 Rxd1 27. Rxd1
Qa4 28. b3 Qa8 29. Rd2 Bc6 30. Qxe5 Re8 31. Qa1 Qb8 32. Nd6 Re6 33. Qd1 Nd7 34.
Nf5 Qe5 35. Rxd7 Qxf5 36. Rd8+ Re8 37. Rxe8+ Bxe8 38. b4 cxb4 39. axb4 Bd7 40.
b5 g6 41. c5 Bxb5 42. Qd8+ Kg7 43. Qd4+ Kg8 44. Bxb5 Qb1+ 45. Bf1 Qb7 46. Qd6 1-0

[Event "Asian Nations Cup w 2016"]
[Site "Abu Dhabi UAE"]
[Date "2016.04.02"]
[Round "6.3"]
[White "Wickramasinghe, Dilhara Ishini"]
[Black "Wadima, Humaid S H AlKalbani"]
[Result "1-0"]
[WhiteTitle "WFM"]
[BlackTitle "WFM"]
[WhiteElo "1757"]
[BlackElo "1629"]
[WhiteTeam "Sri Lanka"]
[BlackTeam "UAE - 1"]
[WhiteFideId "9906738"]
[BlackFideId "9304541"]
[EventDate "2016.03.28"]
[EventType "team"]

1. d4 Nf6 2. c4 g6 3. Nc3 d5 4. Bg5 Ne4 5. Bf4 Nxc3 6. bxc3 Bg7 7. e3 O-O 8. Nf3
c5 9. cxd5 Qxd5 10. Be2 cxd4 11. cxd4 Qa5+ 12. Qd2 Nc6 13. Qxa5 Nxa5 14. Bc7 b6
15. Kd2 Bb7 16. Rhc1 Rac8 17. Bb5 e6 18. Bd7 Ra8 19. Rc2 Bd5 20. Kd3 f5 21. Ng5
Kh8 22. Bxe6 Bxe6 23. Nxe6 Rf7 24. Nxg7 Kxg7 25. Be5+ Kg8 26. Rac1 Rd7 27. Rc7
Rad8 28. Rxd7 Rxd7 29. Rc7 Rf7 30. Kc3 b5 31. Rc8+ Rf8 32. Rxf8+ Kxf8 33. Bc7
Nb7 34. Kb4 a6 35. f3 Ke7 36. e4 fxe4 37. fxe4 Kd7 38. Bf4 Kc6 39. d5+ Kb6 40.
Be3+ Kc7 41. Bc5 Kd7 42. e5 Kc7 43. a3 Kd7 44. Bb6 Ke7 45. Kc3 a5 46. Kd4 Kd7
47. Bc5 h6 48. Bf8 h5 49. e6+ Ke8 50. Bc5 Kd8 51. d6 Ke8 52. Kd5 a4 53. Bb4 Nd8
54. d7# 1-0

[Event "Asian Nations Cup w 2016"]
[Site "Abu Dhabi UAE"]
[Date "2016.04.02"]
[Round "6.4"]
[White "Al Maamari, Wafia Darwish"]
[Black "Mendis, Dasuni Hansika"]
[Result "0-1"]
[WhiteTitle "WCM"]
[BlackTitle "WCM"]
[WhiteElo "1491"]
[BlackElo "1739"]
[WhiteTeam "UAE - 1"]
[BlackTeam "Sri Lanka"]
[WhiteFideId "9305734"]
[BlackFideId "9907696"]
[EventDate "2016.03.28"]
[EventType "team"]

1. e4 g6 2. d4 Bg7 3. Nc3 d6 4. Nf3 Nf6 5. Bc4 O-O 6. O-O c6 7. e5 Ne8 8. Bf4 d5
9. Bd3 Nc7 10. Qd2 Bg4 11. Be2 Ne6 12. Be3 Bxf3 13. Bxf3 f5 14. exf6 exf6 15. g3
Nd7 16. Bg2 f5 17. f4 Nf6 18. Nd1 b6 19. Qd3 Ne4 20. Nf2 Rc8 21. c4 Qd7 22. cxd5
cxd5 23. Rac1 Rfd8 24. Rfd1 Qa4 25. a3 Rxc1 26. Rxc1 Nxd4 27. Rc7 Ne6 28. Re7
N6c5 29. Bxc5 bxc5 30. Bxe4 fxe4 31. Rxe4 Qa5 32. Re2 Qb6 33. b3 Qa5 34. a4 Qb6
35. Rd2 Bd4 36. Kg2 Kf7 37. f5 Qf6 38. fxg6+ hxg6 39. Qf3 Qxf3+ 40. Kxf3 Rb8 41.
Rd3 Ke6 42. Ng4 Rf8+ 43. Ke2 Rb8 44. Kf3 Rb7 45. Ke2 Kf5 46. Kf3 Rh7 47. b4 Ke6
48. bxc5 Bxc5 49. Rc3 Rf7+ 50. Ke2 Kd6 51. Rd3 Re7+ 52. Kf3 Rf7+ 53. Ke2 d4 54.
Nf2 Kd5 55. Nd1 Ke4 56. Nb2 Rh7 57. h4 g5 58. Rf3 gxh4 59. Rf4+ Kd5 60. Rxh4
Re7+ 61. Kd2 Bb4+ 62. Kd1 Re1+ 63. Kc2 Re2+ 64. Kc1 Ba3 65. Rh5+ Ke4 66. Rb5 d3
67. g4 Bxb2+ 68. Rxb2 Rxb2 69. Kxb2 Ke3 70. Kc3 d2 71. Kc2 Ke2 0-1

[Event "Asian Nations Cup w 2016"]
[Site "Abu Dhabi UAE"]
[Date "2016.04.02"]
[Round "6.1"]
[White "Al-Harmoudi, Mona"]
[Black "Pourkashiyan, Atousa"]
[Result "0-1"]
[WhiteTitle "WIM"]
[BlackTitle "WGM"]
[WhiteElo "1694"]
[BlackElo "2372"]
[WhiteTeam "UAE - 2"]
[BlackTeam "Iran"]
[WhiteFideId "9301631"]
[BlackFideId "12502014"]
[EventDate "2016.03.28"]
[EventType "team"]

1. d4 Nf6 2. c4 e6 3. Nf3 b6 4. g3 Ba6 5. Qc2 c5 6. Bg2 Bb7 7. O-O cxd4 8. Nxd4
Bxg2 9. Kxg2 Bc5 10. Rd1 O-O 11. Nc3 Qc8 12. Bg5 Be7 13. b3 h6 14. Bf4 Nc6 15.
e4 Bc5 16. Ndb5 e5 17. Bc1 a6 18. Nd6 Qb8 19. Nf5 Nd4 20. Nxd4 Bxd4 21. f3 b5
22. Rb1 Rc8 23. Ne2 Bc5 24. Bb2 d6 25. Qd3 Qb7 26. Nc3 bxc4 27. Qxc4 Bd4 28. Qd3
Rc6 29. Rbc1 Rac8 30. Rc2 Qc7 31. Rdc1 d5 32. Nxd5 Rxc2+ 33. Rxc2 Qxc2+ 34. Qxc2
Rxc2+ 0-1

[Event "Asian Nations Cup w 2016"]
[Site "Abu Dhabi UAE"]
[Date "2016.04.02"]
[Round "6.2"]
[White "Hejazipour, Mitra"]
[Black "Shaikha, Abdallah Aldhaheri"]
[Result "1-0"]
[WhiteTitle "WGM"]
[WhiteElo "2332"]
[BlackElo "1587"]
[WhiteTeam "Iran"]
[BlackTeam "UAE - 2"]
[WhiteFideId "12505951"]
[BlackFideId "9305343"]
[EventDate "2016.03.28"]
[EventType "team"]

1. d4 Nf6 2. c4 c5 3. d5 b5 4. cxb5 a6 5. b6 Qxb6 6. Nc3 d6 7. Nf3 g6 8. a4 Bg7
9. Nd2 Nbd7 10. a5 Qc7 11. Nc4 Bb7 12. e4 O-O 13. Be2 Rfd8 14. O-O Ne5 15. Nb6
Rab8 16. Be3 e6 17. Rc1 exd5 18. exd5 Qe7 19. b4 Ned7 20. bxc5 Nxc5 21. Re1 Qf8
22. Bf3 Nfd7 23. Nca4 Nxb6 24. Nxc5 Nd7 25. Nxb7 Rxb7 26. Be2 Nb8 27. Bb6 Rc8
28. Rxc8 Qxc8 29. Qc1 Qc3 30. Qxc3 Bxc3 31. Rc1 Bb4 32. Rc7 Rxc7 33. Bxc7 Nd7
34. Bxa6 Kf8 35. Bb5 Ke7 36. a6 Bc5 37. Kf1 Ba7 38. Ke2 Nf6 39. Bc6 Ne4 40. f3
Nc5 41. Bb5 Nb3 42. Kd3 Nc5+ 43. Kc4 f6 44. Ba5 f5 45. h4 Kf6 46. Bd8+ Kf7 47.
Bg5 Bb6 48. Kb4 Kf8 49. Bc4 Nd7 50. Kb5 Bc5 51. Bf4 Ke8 52. Bxd6 1-0

[Event "Asian Nations Cup w 2016"]
[Site "Abu Dhabi UAE"]
[Date "2016.04.02"]
[Round "6.3"]
[White "Jehad, Aysha"]
[Black "Zahedifar, Anahita"]
[Result "0-1"]
[BlackTitle "WFM"]
[WhiteElo "1597"]
[BlackElo "2112"]
[WhiteTeam "UAE - 2"]
[BlackTeam "Iran"]
[WhiteFideId "9303286"]
[BlackFideId "12560715"]
[EventDate "2016.03.28"]
[EventType "team"]

1. e4 c6 2. d4 d5 3. Nc3 dxe4 4. Nxe4 Bf5 5. Ng3 Bg6 6. h4 h6 7. Nf3 Nd7 8. h5
Bh7 9. Bd3 Bxd3 10. Qxd3 e6 11. Bd2 Ngf6 12. O-O-O Bd6 13. Ne4 Bc7 14. g3 Nxe4
15. Qxe4 Nf6 16. Qe2 Qd5 17. c4 Qe4 18. Qxe4 Nxe4 19. Be3 O-O-O 20. Ne5 Rhf8 21.
Rh4 Nd6 22. g4 f6 23. Ng6 Rfe8 24. c5 Ne4 25. Rhh1 Rd7 26. Rhe1 Rf7 27. Re2 f5
28. Bf4 Bxf4+ 29. Nxf4 Kd7 30. gxf5 exf5 31. Ng6 Kc7 32. Rde1 Rd8 33. f3 Ng5 34.
Re7+ Rxe7 35. Rxe7+ Rd7 36. Rxd7+ Kxd7 37. Ne5+ Ke6 38. Kd2 f4 39. b4 Kd5 40. a4
Kxd4 41. Nd3 Nxf3+ 42. Ke2 Ng1+ 43. Kd2 f3 44. b5 Nh3 0-1

[Event "Asian Nations Cup w 2016"]
[Site "Abu Dhabi UAE"]
[Date "2016.04.02"]
[Round "6.4"]
[White "Alavi, Homa"]
[Black "Al-Moaamari, Mozah"]
[Result "1-0"]
[WhiteElo "1974"]
[BlackElo "1607"]
[WhiteTeam "Iran"]
[BlackTeam "UAE - 2"]
[WhiteFideId "12507547"]
[BlackFideId "9307010"]
[EventDate "2016.03.28"]
[EventType "team"]

1. d4 d5 2. c4 c6 3. Nf3 Nf6 4. Nc3 e6 5. Bg5 Nbd7 6. e3 Qa5 7. Qc2 Bb4 8. Nd2
O-O 9. Bxf6 Nxf6 10. Bd3 h6 11. O-O c5 12. a3 Bxc3 13. bxc3 Qc7 14. Rab1 b6 15.
cxd5 Nxd5 16. c4 Nf6 17. Ne4 Nd7 18. d5 exd5 19. cxd5 Ne5 20. Be2 Bb7 21. Nc3 a6
22. a4 Rad8 23. e4 Rfe8 24. Qb3 Rd6 25. f4 Ng6 26. e5 Rdd8 27. d6 Qd7 28. Nd5
Bxd5 29. Qxd5 Qa7 30. Bh5 Nf8 31. f5 Nh7 32. e6 fxe6 33. fxe6 Nf6 34. Rxf6 gxf6
35. Bxe8 Rxe8 36. d7 1-0

[Event "Asian Nations Cup w 2016"]
[Site "Abu Dhabi UAE"]
[Date "2016.04.03"]
[Round "7.1"]
[White "Khademalsharieh, Sarasadat"]
[Black "Ju, Wenjun"]
[Result "0-1"]
[WhiteTitle "IM"]
[BlackTitle "GM"]
[WhiteElo "2450"]
[BlackElo "2568"]
[WhiteTeam "Iran"]
[BlackTeam "China"]
[WhiteFideId "12512214"]
[BlackFideId "8603006"]
[EventDate "2016.03.28"]
[EventType "team"]

1. d4 Nf6 2. c4 e6 3. Nf3 d5 4. Nc3 a6 5. cxd5 exd5 6. Bf4 Bd6 7. Bxd6 Qxd6 8.
Qc2 O-O 9. e3 b6 10. Be2 Bb7 11. O-O Nbd7 12. Rfd1 Rfe8 13. Rac1 Rac8 14. Qb1 c5
15. dxc5 bxc5 16. b3 Qe7 17. Qb2 Nf8 18. Rc2 Ne6 19. h3 h6 20. Qc1 d4 21. Na4
dxe3 22. Qxe3 Nd5 23. Qe5 Ndf4 24. Nb6 Rcd8 25. Rcd2 Nxe2+ 26. Qxe2 Bxf3 27.
Qxf3 Nd4 28. Qh5 Nf3+ 0-1

[Event "Asian Nations Cup w 2016"]
[Site "Abu Dhabi UAE"]
[Date "2016.04.03"]
[Round "7.2"]
[White "Zhao, Xue"]
[Black "Pourkashiyan, Atousa"]
[Result "1-0"]
[WhiteTitle "GM"]
[BlackTitle "WGM"]
[WhiteElo "2504"]
[BlackElo "2372"]
[WhiteTeam "China"]
[BlackTeam "Iran"]
[WhiteFideId "8601283"]
[BlackFideId "12502014"]
[EventDate "2016.03.28"]
[EventType "team"]

1. Nf3 d5 2. c4 e6 3. e3 Nf6 4. b3 Be7 5. Bb2 O-O 6. Nc3 c5 7. cxd5 exd5 8. d4
Nc6 9. Be2 Bg4 10. dxc5 Bxc5 11. O-O a6 12. Rc1 Ba7 13. h3 Bh5 14. Nh4 Bg6 15.
Nxg6 hxg6 16. Bf3 Ne7 17. Ba3 Re8 18. Qd3 Qa5 19. Bxe7 Rxe7 20. Nxd5 Nxd5 21.
Qxd5 Qxa2 22. Qd6 Rae8 23. Bd5 Qa5 24. Rfd1 Qb6 25. Qg3 Bb8 26. Qg4 Qf6 27. Rc8
Qe5 28. Rxe8+ Rxe8 29. Bxb7 a5 30. Bc6 Rf8 31. Bd5 Bc7 32. Bc4 Qf6 33. g3 Rd8
34. Rd7 Rxd7 35. Qxd7 Bd6 36. Bxf7+ Qxf7 37. Qxd6 Qxb3 38. Qd8+ Kh7 39. Qxa5
Qb1+ 40. Kg2 Qe4+ 41. Kh2 Qc2 42. Qe1 g5 43. e4 Kg6 44. Qe3 Qc6 45. Qf3 Qe6 46.
Kg2 Qe5 47. Qd3 Qe6 48. Qd5 Qc8 49. e5 Qf5 50. g4 Qc8 51. e6 Qg8 52. Qf5+ Kh6
53. h4 Qa8+ 54. Qf3 Qd8 55. hxg5+ Qxg5 56. Qf5 1-0